| 000 | 00366nam a2200145Ia 4500 | ||
|---|---|---|---|
| 005 | 20250729165759.0 | ||
| 008 | 250729s2017 xx 000 0 und d | ||
| 041 | _aeng | ||
| 082 | _a325.25 ACTR | ||
| 100 |
_aDr.M.Praveen Taj _9232829 |
||
| 245 | _aAction Research | ||
| 260 |
_aBangalore _bHalluru Prakahan _c2017 |
||
| 300 | _a138p | ||
| 650 |
_aPsychology _9232830 |
||
| 999 |
_c239977 _d239977 |
||